| 000 | 00475cam a2200193 4500 | ||
|---|---|---|---|
| 001 | B1668 | ||
| 008 | 090401t1985 xxu||||| |||| 00| 0 eng d | ||
| 035 | _a(Sirsi) u45672 | ||
| 041 | _aeng | ||
| 050 | _a333.3309411 | ||
| 110 |
_aMann and Co. Plc _92365 |
||
| 245 | _aHouseholder costs in Scotland & Surrey | ||
| 260 |
_aWoking,Surrey _bMann and Co. Plc _c1985 |
||
| 300 | _a(3)p. ; 30cm. | ||
| 350 | _a0 | ||
| 650 | _aHOUSE PRICES | ||
| 942 | _n0 | ||
| 948 | _c04/03/1997 | ||
| 999 |
_c91797 _d91797 |
||